| 000 | 00442nam a2200157Ia 4500 | ||
|---|---|---|---|
| 003 | IN-BaIIA | ||
| 008 | 211028s9999 xx 000 0 eng d | ||
| 040 | _cIIA Library | ||
| 080 |
_a535.31 _bMOR |
||
| 100 |
_aMorgan, J. _93193 |
||
| 245 | 0 |
_aIntroduction to geometrical and physical optics _cJoseph Morgan |
|
| 260 |
_aNew York _bMcGraw-Hill _c1953 |
||
| 300 | _axi, 450p. | ||
| 650 |
_aPhysical Optics, Geometrical Optics _93194 |
||
| 942 | _cBK | ||
| 999 |
_c1589 _d1589 |
||